000 00414nam a2200169 i 4500
001 bg
100 1 _aTANG, W.
245 0 _aTransforming domain into boundary integrals in BEM /
_cW.Tang.
260 _aBerlin :
_bSpringer-Verlag,
_c1988.
020 _a3540192174
040 _cBPK
041 _apol
080 _a519.6
920 _a3-540-19217-4
942 _cKS
008 s pl f |000 0 pol
999 _c28987
_d28987
856 _uhttp://koha.tu.koszalin.pl/cgi-bin/koha/opac-detail.pl?biblionumber=28987
_yKatalog online BPK